000 00466nam a2200169 4500
001 136997
003 ES-MaACL
005 20230906195301.0
007 t|
008 070214s1996 sp r ||||1| spa d
100 1 _aSaint Pierre, Michel de.
_9101551
245 1 0 _aEsos curas que sufren /
_cMichel de Saint Pierre.
250 _a1ยช. ed.
260 _aBarcelona :
_bLuis de Caralt,
_c1967.
300 _a230 p. ;
_c20 cm.
852 _aES-MaACL
_jC-33786
_bR.64311
999 _c136997
_d136997